| 000 | 00388nam a22001457a 4500 | ||
|---|---|---|---|
| 020 | _a9781119677017 | ||
| 040 | _cNUST | ||
| 082 | _a658.7 STA | ||
| 100 |
_aStanton, Daniel _998841 |
||
| 245 | _aSupply Chain Management for Dummies | ||
| 250 | _a2nd Edition | ||
| 260 |
_aCanada: _bJohn Willey & Sons, _c2021. |
||
| 650 |
_aSupply Chain Management.NUSTTB2022 _9102783 |
||
| 942 |
_2ddc _cBK |
||
| 999 |
_c591386 _d591386 |
||